[Event "SAIF POWERTEC 45th BAN Ch 2019"]
[Site "Dhaka"]
[Date "2019.11.05"]
[Round "3.1"]
[White "Mollah Abdullah, Al Rakib"]
[Black "Mohammad Fahad, Rahman"]
[Result "1/2-1/2"]
[WhiteElo "2462"]
[BlackElo "2250"]
[Annotator "TA"]
[PlyCount "90"]
[EventDate "2019.11.05"]
[EventCountry "BAN"]
[SourceTitle "playchess.com"]
[Source "ChessBase"]
[SourceQuality "1"]

{[%evp 13,90,0,0,-6,14,0,25,0,0,14,16,0,0,0,0,0,0,0,-1,-5,0,0,0,-2,0,0,0,0,0,-4,-2,-7,68,66,129,49,43,2,10,3,6,0,0,0,0,0,0,0,0,0,0,0,0,0,0,0,0,0,0,0,0,0,0,0,0,0,0,0,0,0,0,0,0,0,0,0,0,0,0]} 1. d4 Nf6 2. Nf3 e6 3. c4 d5 4. Nc3 dxc4 5. Qa4+ c6 6. Qxc4 b5 7. Qd3 a6 8. e4 {D43: Semi-Slav: 5 Bg5 h6} c5 9. dxc5 Bxc5 10. e5 {White has an edge.} Nd5 (10... Nfd7 11. Qe4 Qb6 12. Qh4 Nc6 13. Bf4 Nd4 14. Nxd4 Bxd4 15. Qg3 Bb7 {0-1 (61) Moiseenko,A (2628)-Shirov,A (2658) Riga 2019}) 11. Nxd5 Qxd5 12. Qxd5 exd5 13. Bd2 $146 ({Predecessor:} 13. Bd3 Be6 14. Bd2 b4 15. a3 bxa3 {1-0 (33) Gurevich,D (2468)-Mulyar,M (2378) Vancouver 2012}) 13... O-O 14. Rc1 Nd7 15. Bd3 Re8 16. O-O Ba7 17. Rfe1 $36 {[%mdl 2048] White is pushing.} Nc5 18. Bc2 Bg4 19. h3 Bxf3 20. gxf3 Ne6 21. Kg2 Bd4 22. b4 Nf8 (22... Rac8 $11 23. Bb3 Rxc1 24. Rxc1 Bxe5) 23. f4 $14 Nd7 {[#]} (23... Rac8 $14) 24. Bf5 ({White should play} 24. Red1 $1 $16) 24... Nb6 25. Be3 Bxe3 {The position is equal.} 26. fxe3 a5 27. bxa5 Rxa5 28. Re2 g6 29. Rc6 Nc4 30. Bd7 Rea8 31. Rc8+ Rxc8 32. Bxc8 $11 {[%mdl 4096] Endgame KRB-KRN} Ra3 33. Kf2 $1 Kf8 34. Bd7 b4 35. Bc6 Rd3 36. Bb5 Rc3 37. Bxc4 dxc4 {KR-KR} 38. Rb2 Ra3 39. Rxb4 Rxa2+ 40. Kf3 c3 41. Rc4 c2 42. Rc7 h5 43. Ke4 Ke8 44. Kd3 c1=Q 45. Rxc1 Rh2 {Accuracy: White = 67%, Black = 73%.} 1/2-1/2

[Event "SAIF POWERTEC 45th BAN Ch 2019"]
[Site "Dhaka"]
[Date "2019.11.05"]
[Round "3.2"]
[White "Murshed, Niaz"]
[Black "Mohammed Abdul, Malek"]
[Result "1-0"]
[WhiteElo "2413"]
[BlackElo "2168"]
[Annotator "TA"]
[PlyCount "131"]
[EventDate "2019.11.05"]
[EventCountry "BAN"]
[SourceTitle "playchess.com"]
[Source "ChessBase"]
[SourceQuality "1"]

{[%evp 16,131,31,0,93,79,78,63,70,80,84,69,66,66,81,70,80,60,93,95,92,91,110,114,161,164,172,173,168,162,162,161,200,197,308,129,118,128,143,135,174,177,172,154,185,95,91,95,190,161,196,201,178,181,209,212,199,172,164,110,138,80,265,220,220,220,224,113,149,149,348,298,477,266,445,435,438,438,438,438,438,438,438,438,548,438,1314,751,1772,2419,1708,1634,2858,2325,2621,1826,3221,3692,3624,3624,1802,1619,1343,0,1627,1619,10231,1871,668,613,29976,29977,29978,11320,29980,29981,29986,29987]} 1. d4 d5 2. c4 e6 3. Nc3 Nf6 4. Bg5 c6 5. e3 Nbd7 6. Nf3 Qa5 7. Nd2 dxc4 8. Bxf6 Nxf6 9. Bxc4 b5 {D52: Queen's Gambit Declined: Cambridge Springs Variation} (9... Be7 $11 {remains equal.}) (9... Be7 10. O-O O-O 11. Bd3 Rd8 12. Nc4 Qc7 13. Qc2 h6 14. h3 Bd7 15. Ne5 Be8 16. Nf3 Rac8 17. Rac1 Qb8 18. Ne4 Nxe4 19. Bxe4 {½-½ (107) Spalir,J (2310)-Rogic,D (2563) Sentjur 2013}) 10. Be2 Bb7 $146 ({Predecessor:} 10... a6 11. a3 Qb6 12. O-O c5 13. Bf3 Bb7 14. Nde4 Nxe4 15. Nxe4 Rd8 16. dxc5 Bxc5 17. Qe2 Be7 18. Rac1 {½-½ (18) Rubio Trigueros,J (1856)-Ramon Gualberto,A Cullera 2007}) 11. Bf3 Rc8 {White is slightly better.} 12. O-O Be7 13. a4 b4 14. Nb3 Qc7 15. Ne4 Nxe4 16. Bxe4 c5 17. Bxb7 {[%mdl 64] Overworked Piece} Qxb7 18. dxc5 Bxc5 19. Rc1 $1 $36 {[%mdl 2048] Black is under strong pressure.} Be7 20. Rxc8+ Qxc8 21. Qd4 {[%mdl 64] Double Attack} O-O 22. Qxa7 Bf6 23. Rc1 Qd8 24. Nd4 e5 {[#]} (24... g6 $142 25. Qc5 b3) 25. Nf3 (25. Nc6 $1 $18 {[%cal Rc6d8]} Qd2 26. Rf1) 25... Qd3 $16 26. Qc5 e4 27. Nd4 Rd8 28. Qxb4 Bxd4 29. exd4 $18 {[%mdl 4096] Endgame KQR-KQR} h6 30. h3 ({Better is} 30. a5 $18) 30... Rxd4 31. Qe7 {Strongly threatening Rc8+.} Rc4 (31... e3 $16 {is a better defense.} 32. fxe3 Rxa4) 32. Ra1 Qb3 33. Qa3 Qc2 34. a5 e3 35. Qxe3 ({Don't play} 35. fxe3 Qe4) 35... Qxb2 36. Rd1 {Hoping for Rd8+.} Qc2 37. Rd8+ Kh7 38. a6 (38. Qf3 $142) 38... Qc1+ $2 (38... Ra4 $16 39. Rd6 Qc4) 39. Qxc1 Rxc1+ {KR-KR} 40. Kh2 {aiming for a7.} Ra1 {[#]} 41. Rd6 (41. Ra8 $1 $18) 41... f6 42. Kg3 Ra3+ $2 (42... Kg6 $16 43. Kh4 Ra2) 43. Kf4 Ra2 $2 (43... Ra5 {was called for.} 44. Rb6 Kg6) 44. Ke3 (44. Ke4 $142) 44... Kg6 $2 (44... Ra4 {was necessary.} 45. Rc6 Kg6) 45. Kd4 Rxf2 46. a7 Ra2 47. Rd7 Rd2+ 48. Kc5 Rxd7 49. a8=Q {KQ-KR} Re7 50. Kd6 Re5 (50... Kf7 $142 51. Qd5+ Kf8) 51. Qg8 h5 52. Qc4 Kh7 53. h4 Kh8 54. Qc2 Kg8 55. Qg6 Kh8 56. g4 hxg4 57. Qxg4 Kh7 58. Qf3 Kh6 59. Qg4 Kh7 $1 60. h5 Rg5 61. Qd1 Kh6 62. Ke6 Re5+ 63. Kf7 Rg5 64. Qf3 Rg1 65. Qa8 Kg5 66. h6 {Accuracy: White = 64%, Black = 38%.} 1-0

[Event "SAIF POWERTEC 45th BAN Ch 2019"]
[Site "Dhaka"]
[Date "2019.11.05"]
[Round "3.3"]
[White "Abu Sufian, Shakil"]
[Black "Rahman, Ziaur"]
[Result "1-0"]
[WhiteElo "2251"]
[BlackElo "2471"]
[Annotator "TA"]
[PlyCount "177"]
[EventDate "2019.11.05"]
[EventCountry "BAN"]
[SourceTitle "playchess.com"]
[Source "ChessBase"]
[SourceQuality "1"]

{[%evp 24,177,31,10,0,0,32,25,25,25,35,16,55,59,66,63,54,54,54,54,56,54,98,62,103,58,69,69,74,62,58,63,81,77,119,74,97,50,91,87,145,72,76,67,71,57,72,70,119,82,122,77,106,97,114,108,102,70,68,58,69,67,61,66,54,35,35,35,47,0,35,33,27,10,199,226,225,172,530,513,962,613,614,571,5118,5114,1536,218,214,214,214,214,214,213,207,196,486,370,370,370,369,369,341,16,369,358,458,336,322,322,311,285,29965,29967,29965,29967,29974,29976,29976,29964,29960,5889,29973,950,29974,29976,29976,29977,29976,29976,29980,29981,29981,29982,29984,29983,29983,29984,29987,29979,29982,29982,29982,29981,29981,29982,29982,29983,29983,29984,29984,29985,29985,29986,29987,29987]} 1. e4 e5 2. Nf3 Nc6 3. Bb5 a6 4. Ba4 Nf6 5. O-O Be7 6. Re1 b5 7. Bb3 d6 8. c3 O-O 9. h3 Nb8 10. d4 Nbd7 11. Nbd2 Bb7 12. Bc2 c5 13. Nf1 cxd4 {C95: Closed Ruy Lopez: Breyer Variation with 10 d4} 14. cxd4 Rc8 (14... exd4 15. Nxd4 Re8 16. Nf5 Bf8 17. Nxd6 Bxd6 18. Qxd6 Bxe4 19. Bxe4 Nxe4 20. Qd4 Ndc5 21. Be3 {½-½ (50) Gopal,G (2594)-Kovalenko,I (2654) Riga 2019}) 15. d5 Qc7 {[#] White has an edge.} 16. Bb1 $146 ({Predecessor:} 16. Ne3 a5 17. Qe2 b4 18. Bd2 Nc5 19. Nf5 Ba6 20. Qe3 Bd8 21. Rac1 {½-½ (84) Csjernyik,J (2548)-Davidov,A (2379) ICCF email 2005}) 16... Nc5 17. b3 Ne8 18. Ng3 g6 19. Bh6 Ng7 20. Qd2 Qd7 21. Bc2 f6 22. Rac1 Rb8 23. Be3 Rfc8 24. Bb1 Bd8 25. Nh2 Bb6 26. Ng4 Rf8 $1 27. Kh1 h5 28. Nh2 g5 29. Bc2 Qe8 30. Qe2 h4 31. Ngf1 Nh5 (31... a5 $142) 32. g3 ({Better is} 32. b4) 32... hxg3 33. fxg3 Qg6 34. Qf3 Bc8 35. b4 Nd7 36. Bd1 Ng7 37. g4 Bb7 38. Ng3 Rbc8 39. Be2 Qf7 40. Nhf1 (40. Qf2 {feels hotter.} Bxe3 41. Qxe3 Rxc1 42. Rxc1 Rc8 43. Rxc8+ Bxc8 44. Qc1) 40... Rxc1 $1 41. Rxc1 Rc8 42. Rxc8+ Bxc8 43. Bxb6 Nxb6 44. Qc3 Qb7 45. Ne3 Bd7 46. Ngf5 Na4 47. Qc1 $36 {[%mdl 2048] Black is under pressure.} Qb6 48. Kg2 Nxf5 $2 (48... Kf8 $11) 49. gxf5 $18 {Hoping for Ng4.} Qd4 {aiming for ...Nc3.} 50. Ng4 $1 {[%cal Rg4f6]} Kg7 $2 {[#]} (50... Qxe4+ $2 51. Bf3 $18) (50... Kf7 {is a better chance.}) 51. Qc7 $1 {[%csl LRd6,LRd7][%cal Rc7d7][%mdl 512]} Nb6 (51... Qxe4+ $142 52. Bf3 Qxf5) 52. Qxd6 {Threatening mate with Qe7+.} Qxe4+ 53. Bf3 $1 Qc2+ {[#]} 54. Kg3 $1 {[%mdl 512] Intending Qe7+ and mate.} Qxf5 55. Qxb6 $2 (55. Qe7+ Kg6 56. Be4 $1 {[%mdl 512]} Nxd5 57. Bxf5+ Bxf5 58. Qe8+ Kg7 59. Nxe5 $1 {[%mdl 512]}) 55... Qf4+ 56. Kg2 $1 e4 57. Be2 Bxg4 58. hxg4 ({Not} 58. Bxg4 e3 $11) 58... Qd2 59. Qf2 Qxa2 $2 (59... e3 {keeps fighting.} 60. Qf3 Qxa2 61. Qxe3 Qxd5+ 62. Bf3 Qd7) 60. d6 Qd2 61. Bxb5 $1 Qxd6 62. Qa7+ Kg6 {[#]} 63. Bxa6 $2 ({Less strong is} 63. Qxa6 Qxb4 64. Be8+ Kg7 $16) (63. Bc4 $1 $18 {And now Qf7+ would win.} Qd2+ 64. Qf2 Qxb4 65. Qf5+ Kg7 66. Qxe4) 63... Qxb4 $2 {[%mdl 8192]} (63... Qd1 $11 {and Black has nothing to worry.}) 64. Qf2 e3 65. Bd3+ Kf7 66. Qf3 ({And not} 66. Qxe3 Qxg4+ 67. Kh1 Qh4+ 68. Kg1 Qg4+ 69. Kh2 Qf4+ 70. Qxf4 gxf4 $11) 66... Qd2+ 67. Qe2 f5 $2 (67... Qb4 $18 68. Qa2+ Ke7 69. Qa7+ Kd6) 68. gxf5 Kf6 69. Kf3 Qc1 70. Qxe3 Qh1+ 71. Ke2 Qh2+ 72. Kd1 {White threatens Qe6+ and mate.} Qd6 73. Kd2 (73. Ke1 $142 Kf7 74. Bc4+ Kf8 75. Be6 g4 76. Qh6+ Ke8 77. Qh8+ Ke7 78. Qg7+ Kd8 79. Qxg4) 73... Qb4+ {[#]} 74. Ke2 $1 {White mates.} Qd6 75. Kf3 Qd5+ 76. Kg3 Qd6+ 77. Kg4 Qb4+ 78. Be4 Ke5 79. Kxg5 Qe7+ 80. Kg4 Qg7+ 81. Qg5 Qd7 82. Qf4+ Kf6 83. Qh6+ Ke5 84. Qh2+ Kxe4 85. Qe2+ Kd5 86. Qd3+ Kc6 87. Qxd7+ Kxd7 88. Kg5 Ke8 89. Kg6 {Accuracy: White = 53%, Black = 33%.} 1-0

[Event "SAIF POWERTEC 45th BAN Ch 2019"]
[Site "Dhaka"]
[Date "2019.11.05"]
[Round "3.4"]
[White "Chatterjee, Debaraj"]
[Black "Reefat, Bin-Sattar"]
[Result "0-1"]
[WhiteElo "2250"]
[BlackElo "2417"]
[Annotator "TA"]
[PlyCount "68"]
[EventDate "2019.11.05"]
[EventCountry "BAN"]
[SourceTitle "playchess.com"]
[Source "ChessBase"]
[SourceQuality "1"]

{[%evp 15,68,30,32,30,25,16,28,10,26,-7,-10,-3,-7,-42,-41,-52,-31,-43,0,-60,-56,-62,-55,-55,-44,-51,-46,-67,-55,-97,-95,-93,-100,-122,-126,-161,-137,-205,-178,-156,-146,-398,-411,-438,-435,-645,-613,-658,-652,-957,-953,-1084,-1078,-1037,-1017]} 1. Nf3 d5 2. d4 Nf6 3. c4 c6 4. e3 Bf5 5. Nc3 e6 6. Nh4 Be4 7. f3 Bg6 8. Qb3 Qc7 9. Bd2 {D12: Slav Defence: 3 Nf3 Nf6 4 e3 Bf5} Be7 10. g3 (10. O-O-O dxc4 11. Bxc4 b5 12. Be2 a6 13. Nxg6 hxg6 14. Ne4 Nxe4 15. fxe4 c5 16. d5 exd5 17. exd5 {½-½ (38) Ding,L (2811)-Shankland,S (2705) chess.com INT 2019}) 10... Bh5 11. O-O-O {White has an edge.} Nfd7 12. g4 Bxg4 ({Don't play} 12... Bxh4 13. gxh5 a5 14. cxd5 $16) 13. fxg4 {And now Be1 would win.} Bxh4 14. e4 {[%cal Re4d5]} dxc4 $1 15. Bxc4 b5 $146 ({Predecessor:} 15... Nb6 16. Be2 N8d7 {1-0 (41) Vijayalakshmi,S (2319)-Ankit,R (2477) Kolkata 2015}) 16. Be2 a6 17. d5 (17. g5 $11) 17... Nc5 $15 18. Qc2 $1 Nbd7 {[%cal Bb8d7,Bd7e5,Be5c4][%mdl 32]} 19. Be3 cxd5 20. exd5 Rc8 $36 {[%mdl 2048] Black fights for an advantage.} 21. Kb1 O-O $1 22. dxe6 Nxe6 23. Qd2 Ne5 {Strongly threatening ...Rfd8.} 24. Nd5 Qb7 25. Qb4 Nc4 $1 ({Don't do} 25... Qc6 26. Qe4 $15) 26. Bf3 {[#]} (26. Bc1 $17 {is a better defense.}) 26... Qb8 $1 $19 ({Weaker is} 26... Nxe3 {[#]} 27. Nf6+ $1 {[%mdl 512]} Bxf6 28. Bxb7 $11) 27. Bc1 a5 28. Qc3 $2 {[%mdl 8192]} (28. Qb3 $17) 28... Ne5 29. Qe3 Bg5 {Black is clearly winning.} 30. Qe4 (30. Qf2 $142 Rxc1+ 31. Rxc1 Bxc1 32. Rxc1) 30... Rc4 31. Qf5 g6 32. Bxg5 {Intending Ne7+ and mate.} gxf5 33. Ne7+ Kg7 34. Nxf5+ Kg6 {Accuracy: White = 31%, Black = 73%.} 0-1

[Event "SAIF POWERTEC 45th BAN Ch 2019"]
[Site "Dhaka"]
[Date "2019.11.05"]
[Round "3.5"]
[White "Saiful Islam, Chowdhury"]
[Black "Mohammad Minhaz Uddin"]
[Result "0-1"]
[WhiteElo "2159"]
[BlackElo "2322"]
[Annotator "TA"]
[PlyCount "120"]
[EventDate "2019.11.05"]
[EventCountry "BAN"]
[SourceTitle "playchess.com"]
[Source "ChessBase"]
[SourceQuality "1"]

{[%evp 13,120,0,26,20,11,23,33,39,41,6,14,2,13,-8,18,19,37,-12,1,-14,14,0,-16,-7,0,-10,0,0,0,0,0,0,0,0,0,0,0,0,0,-21,-29,-110,-17,-89,-69,-73,-73,-83,-73,-90,-56,-68,-64,-71,-62,-116,-95,-121,-116,-121,-115,-106,-78,-78,0,-98,0,-68,-63,-101,-111,-110,-120,-123,-120,-111,-112,-102,-62,-137,-136,-126,-114,-171,-172,-259,-245,-260,-237,-241,-250,-399,-399,-573,-566,-609,-599,-570,-564,-545,-521,-29948,-4929,-5795,-4929,-29993,-29987,-29992,-29987]} 1. e4 e5 2. Nc3 Nf6 3. Nf3 Bb4 4. Bc4 d6 5. O-O O-O 6. d3 Bxc3 7. bxc3 Bg4 8. Rb1 {C42: Petroff Defence: 3 Nxe5 and unusual White 3rd moves} (8. h3 Be6 9. Bxe6 fxe6 10. Re1 Nbd7 11. d4 Qe8 12. Qd3 d5 13. exd5 e4 14. Rxe4 Nxe4 15. Qxe4 Nf6 16. Qxe6+ Qxe6 17. dxe6 {½-½ (36) Elez,N (2207)-Vukic,R (2351) Kac 2012}) 8... b6 {[%cal Bb7b6,Bb6b5][%mdl 32]} 9. h3 $146 ({Predecessor:} 9. Qe2 c6 10. Bg5 Nbd7 11. h3 Be6 12. Bb3 Qc7 13. Nd2 a5 14. a4 Rab8 15. Bh4 b5 {0-1 (48) Malik,D (1905)-Banks,P (1780) Telford 2004}) 9... Bxf3 10. Qxf3 {White is slightly better.} c6 11. d4 Nbd7 12. g4 b5 13. Bb3 Qe7 14. g5 Ne8 15. Qg2 Nc7 16. f4 c5 17. fxe5 dxe5 {Threatens to win with ...c4.} 18. dxc5 Qxc5+ 19. Kh1 Nb6 ({Of course not} 19... Qxc3 $6 20. Bb2 $16) 20. g6 hxg6 21. Qxg6 {[%cal Rf1f7]} Nc4 $36 {[%mdl 2048] Black is more active.} 22. Qg4 Qc6 23. Rg1 {[%csl Gg1][%cal Rg4g7]} Ne6 24. Rg2 f6 25. Bh6 {[%cal Rh6g7]} Rf7 26. Rbg1 Re8 27. Bc1 (27. Rf1 $11) 27... Ree7 (27... a5 $17 {...a4 is the strong threat.} 28. a4 bxa4) 28. h4 {[#]} (28. Rf1 $11 {keeps the balance.}) 28... Nf4 $1 {[%mdl 512]} 29. Bxf4 exf4 30. Rf1 Rxe4 {Hoping for ...g5!} 31. Rxf4 Rfe7 32. Rxe4 Qxe4 33. Kh2 Qe5+ (33... Kh8 {is more complex.} 34. Qh5+ Qh7 35. Qg4 Re4 36. Qc8+ Qg8) 34. Qg3 (34. Kh1 $15) 34... Qxg3+ 35. Rxg3 $17 {[%mdl 4096] Endgame KRB-KRN} Re4 36. Kh3 Kh7 37. Rg4 Re3+ 38. Rg3 Re4 39. Rg4 $1 {[%cal Rg4e4]} Re3+ 40. Rg3 Re5 41. Rg4 Rc5 42. a4 a6 43. axb5 axb5 44. Rg3 Kh6 45. Kg2 g6 46. Rf3 {[#]} (46. Rd3 $1 $15) 46... f5 $1 47. Rd3 Kh5 48. Kg3 {[#]} (48. Kh3 $17 {keeps fighting.}) 48... Re5 $1 $19 49. Rd8 (49. Rd4 {is a better defense.}) 49... Re3+ {[%mdl 64] Double Attack} 50. Kf2 {Strongly threatening Bxc4.} Rh3 51. Rh8+ Kg4 52. Rh6 (52. Bxc4 $142 bxc4 53. Rh6) 52... Ne5 53. Rh8 (53. h5 {was called for.} gxh5 54. Re6 Rh2+ 55. Ke3 f4+ 56. Kd4 Nf3+ 57. Kc5) 53... Rxh4 54. Rb8 Rh2+ 55. Ke1 f4 56. Rxb5 Rh5 {aiming for ...Nf3+.} 57. Kf1 Kg3 {( -> ...f3)} 58. Bd5 f3 {[%cal Rh5h1]} 59. Kg1 f2+ 60. Kf1 Ng4 {[%mdl 64] Decoy. Accuracy: White = 38%, Black = 63%.} 0-1

[Event "SAIF POWERTEC 45th BAN Ch 2019"]
[Site "Dhaka"]
[Date "2019.11.05"]
[Round "3.6"]
[White "Hossain, Enamul"]
[Black "Mehdi Hasan Parag"]
[Result "1/2-1/2"]
[WhiteElo "2433"]
[BlackElo "2181"]
[Annotator "TA"]
[PlyCount "70"]
[EventDate "2019.11.05"]
[EventCountry "BAN"]
[SourceTitle "playchess.com"]
[Source "ChessBase"]
[SourceQuality "1"]

{[%evp 11,70,20,30,22,22,0,25,27,21,23,25,22,46,37,33,37,24,29,48,1,43,-9,-9,-16,-13,-10,-9,-13,-13,-13,0,0,0,-39,-16,-44,-28,-47,-45,-70,-17,-18,-7,-19,-10,-7,-10,-12,8,8,8,8,8,8,10,0,0,0,0,-4,-4]} 1. e4 c6 2. Nc3 d5 3. Nf3 Bg4 4. h3 Bxf3 5. Qxf3 e6 6. d4 dxe4 7. Qxe4 {B11: Caro-Kann: Two Knights Variation} Nf6 8. Qd3 Na6 9. a3 {White has an edge.} Qa5 10. Rb1 Be7 $146 ({Predecessor:} 10... Nc7 11. b4 Qf5 12. Qxf5 exf5 13. Bd3 Ne6 14. Ne2 g6 {0-1 (36) Lu,S (2627)-Mamedyarov,S (2768) Doha 2016}) 11. b4 {[%cal Bb2b4,Bb4b5][%mdl 32]} Qd8 12. Be2 Nc7 13. O-O O-O 14. Bf3 Ncd5 15. b5 Qc7 16. Qc4 (16. bxc6 $14 Qxc6 17. Nxd5 exd5 18. Bf4) 16... Nb6 17. Qb3 c5 18. dxc5 Bxc5 19. Ne4 Nxe4 20. Bxe4 Rad8 21. Qf3 Rd7 22. Bd3 (22. Bf4 {feels hotter.} Qc8 23. Rbd1 f5 24. Rxd7 fxe4 25. Rxg7+ Kxg7 26. Qg4+) 22... Rfd8 (22... g6 {is interesting.} 23. h4 h5 24. Rb3 Bd4 25. Re1 Na4) 23. Bf4 Bd6 24. Bxd6 Rxd6 25. Rb4 Nd5 ({Black should play} 25... g6 $15) 26. Ra4 $11 {The position is equal.} b6 27. Rc4 Qe7 28. Re1 g6 29. a4 Nb4 {[%cal Rb4d3]} 30. Bxg6 hxg6 31. Rxb4 Rd4 32. Rxd4 Rxd4 33. Qc3 Rxa4 34. Rd1 Rf4 35. g3 Rf5 {Accuracy: White = 63%, Black = 59%.} 1/2-1/2

[Event "SAIF POWERTEC 45th BAN Ch 2019"]
[Site "Dhaka"]
[Date "2019.11.05"]
[Round "3.7"]
[White "S M Sharon"]
[Black "Islam, Khandaker Aminul"]
[Result "1/2-1/2"]
[WhiteElo "2092"]
[BlackElo "2229"]
[Annotator "TA"]
[PlyCount "91"]
[EventDate "2019.11.05"]
[EventCountry "BAN"]
[SourceTitle "playchess.com"]
[Source "ChessBase"]
[SourceQuality "1"]

{[%evp 9,91,0,4,-21,16,-9,0,0,25,30,40,0,0,0,0,0,0,0,12,9,38,26,33,30,27,32,21,30,29,29,37,25,14,10,8,13,22,19,20,16,25,20,14,14,16,16,15,10,12,10,12,10,10,13,12,0,0,0,0,0,5,0,4,6,5,5,23,0,6,0,0,0,0,0,0,0,0,0,0,0,0,0,0,0]} 1. Nf3 d5 2. d4 Nf6 3. e3 c5 4. b3 Nc6 5. Bb2 Bg4 (5... e6 6. Nbd2 Bd6 7. Bd3 O-O 8. O-O b6 9. c4 Bb7 10. cxd5 exd5 11. Qe2 Re8 12. Rfd1 Qe7 13. Rac1 Ne4 14. Bb5 a6 15. Bxc6 Bxc6 16. dxc5 bxc5 17. Nxe4 Qxe4 18. Ba3 d4 19. Bxc5 Bxc5 20. Rxc5 dxe3 21. fxe3 {1-0 (128) Ju,W (2572)-Sebenik,M (2551) chess.com INT 2018}) 6. h3 {D04: Colle System} Bf5 (6... Bxf3 $5 7. Qxf3 e6 $11) 7. a3 $146 ({Predecessor:} 7. Bd3 Ne4 8. O-O e6 9. Nbd2 Bd6 10. dxc5 Bxc5 11. Nd4 Nxd2 12. Qxd2 Bxh3 13. gxh3 {1-0 (22) Welch,F-Danilov,M Kemer 2009}) 7... cxd4 8. Nxd4 Bd7 9. Nd2 e6 10. N2f3 Qa5+ 11. Qd2 Qxd2+ 12. Nxd2 Rc8 13. Bd3 Ne5 14. Be2 Ng6 15. c4 Be7 16. Rc1 O-O 17. O-O Rfd8 18. Rfd1 Be8 19. Kf1 Nf8 20. Ke1 N8d7 21. cxd5 Nxd5 22. Ne4 Nc5 23. Nxc5 Rxc5 24. Rxc5 Bxc5 25. Nb5 {[#] Threatens to win with e4.} Bb6 26. Bd4 {Hoping for Bxb6.} Bxd4 27. Rxd4 {e4 is the strong threat.} Bxb5 28. Bxb5 $11 {[%mdl 4096] Endgame Strongly threatening e4. KRB-KRN} Rc8 29. Kd2 Kf8 30. Bd3 Nf6 31. Ra4 a6 32. f3 Ke7 33. g4 h6 34. h4 Rc7 35. g5 hxg5 36. hxg5 Nd7 37. Rh4 Rc5 38. Rb4 (38. f4 {feels hotter.} Rd5 39. b4 Nb6 40. Rh7 Kf8 41. e4) 38... Rc7 {The position is equal.} (38... b5 {looks sharper.} 39. f4 Nb8 40. Be4 Nc6 41. Bxc6 Rxc6 42. a4 Rc5) 39. Rc4 Rxc4 40. Bxc4 {KB-KN} Kd6 41. b4 f6 42. gxf6 gxf6 43. Kc3 Nb6 44. Bb3 Nd5+ 45. Kd4 Ne7 46. Ke4 {Accuracy: White = 59%, Black = 62%.} 1/2-1/2

[Event "SAIF POWERTEC 45th BAN Ch 2019"]
[Site "Dhaka"]
[Date "2019.11.05"]
[Round "3.8"]
[White "Md, Sariatullah"]
[Black "Rahman, Taibur"]
[Result "0-1"]
[WhiteElo "2063"]
[BlackElo "2196"]
[Annotator "TA"]
[PlyCount "78"]
[EventDate "2019.11.05"]
[EventCountry "BAN"]
[SourceTitle "playchess.com"]
[Source "ChessBase"]
[SourceQuality "1"]

{[%evp 9,84,-51,-45,-59,-50,-41,-39,-56,-54,-58,-48,-68,-60,-69,-62,-65,-53,-52,-39,-48,-28,-85,-85,-86,-35,-85,-83,-189,-204,-213,-152,-198,-198,-214,-218,-366,-369,-357,-351,-514,-533,-507,-302,-622,-250,-254,-258,-251,-253,-262,-246,-258,-241,-325,-320,-452,-460,-422,-435,-634,-624,-760,-767,-761,-760,-745,-713,-834,-835,-1009,-1046,-1810,-1740,-5344,-5197,-1966,-1830]} 1. e4 c5 2. Nf3 Nc6 3. b4 Nxb4 (3... d6 4. bxc5 dxc5 5. Bb5 Bd7 6. O-O e6 7. c3 Nf6 8. Re1 Rc8 9. d4 cxd4 10. cxd4 Bb4 11. Bd2 Bxd2 12. Qxd2 {1-0 (44) Christiansen,J (2495)-Kuzubov,Y (2699) Riadh 2017}) 4. c3 Nc6 5. d4 d5 6. exd5 {B30: Sicilian: 2...Nc6 3 Bb5, lines without ...g6} Qxd5 7. Be2 cxd4 8. cxd4 {Black is slightly better.} e6 9. O-O Bb4 10. Bd2 $146 ({Predecessor:} 10. Qa4 Nge7 11. a3 {½-½ (70) Norberg,J (2283)-Volodin,A (2548) Sweden 2013}) 10... Bxd2 11. Qxd2 Nge7 12. Nc3 Qa5 13. Rab1 a6 14. Bd3 O-O 15. Rbc1 (15. Qc2 $11 {remains equal.}) 15... Rd8 $17 16. Qf4 Qh5 ({Black should try} 16... h6 $17 {aiming for ...e5!} 17. Rfd1 Bd7) 17. g4 Qh3 {Strongly threatening ...e5!} 18. Bc4 (18. Rfe1 $17) 18... Ng6 $19 19. Qe4 Bd7 20. Rfd1 h5 21. gxh5 Qxh5 22. d5 (22. Ne2 {was called for.}) 22... f5 23. Qe3 Qg4+ {[%mdl 64] [#] Double Attack} 24. Kh1 (24. Kf1 {only move.} Qxc4+ 25. Ne2) 24... Qxc4 25. Rg1 Nce7 26. d6 $2 (26. Ne5 Nxd5 27. Qg3) 26... f4 (26... Bc6 $142 27. Ne2 f4 28. Rxc4 fxe3 29. Rxc6 Nxc6 30. Rxg6 exf2) 27. Qe4 Qxe4 28. Nxe4 Bc6 29. dxe7 Nxe7 30. Nfg5 Nf5 31. f3 Rd3 32. Kg2 (32. Rgd1 $142 Ra3 33. Nc5) 32... Nh4+ {Black is clearly winning.} 33. Kf2 {[#]} Nxf3 $1 {[%mdl 576] Double Attack} 34. Rxc6 (34. Nxf3 $142 Bxe4 35. Ng5) 34... Nxg1 35. Rc3 Rxc3 36. Nxc3 {[%mdl 4096] Endgame KRN-KNN} Rc8 37. Nce4 Rc1 38. Nxe6 Nh3+ 39. Kg2 Rc4 {Played: Rc1-e1} 0-1

[Event "SAIF POWERTEC 45th BAN Ch 2019"]
[Site "Dhaka"]
[Date "2019.11.05"]
[Round "3.9"]
[White "Ahmed, Sheikh Nasir"]
[Black "Nayem, Haque"]
[Result "1-0"]
[WhiteElo "2185"]
[BlackElo "1911"]
[Annotator "TA"]
[PlyCount "18"]
[EventDate "2019.11.05"]
[EventCountry "BAN"]
[SourceTitle "playchess.com"]
[Source "ChessBase"]
[SourceQuality "1"]

{[%evp 10,18,11,11,50,45,90,91,72,63,74]} 1. c4 e5 2. g3 Nf6 3. Bg2 d5 4. cxd5 Nxd5 5. Nf3 Nc6 6. O-O g6 {A20: English Opening: 1...e5} (6... Nb6 7. b3 Bd6 8. Bb2 O-O 9. d3 Qe7 10. Nbd2 Ba3 11. Bxa3 Qxa3 12. Qc1 Qe7 13. Qb2 Bg4 14. Rac1 Rad8 15. Rfe1 Rfe8 16. a3 a5 17. b4 axb4 18. axb4 {1-0 (31) Ding,L (2811)-Movsesian,S (2654) Khanty-Mansiysk 2019}) 7. d4 exd4 8. Nxd4 Nde7 9. Nb5 $146 {[#] Strongly threatening Bf4.} ({Predecessor:} 9. Nxc6 Nxc6 10. Bxc6+ bxc6 11. Qc2 Bg7 12. Rd1 Bd7 13. Bd2 O-O 14. Bc3 {1-0 (60) Semcesen,D (2349)-Pedersen,D (2258) Valby 2008}) 9... a6 1-0